[Event "56th Hull Congress"]
[Site "Hull"]
[Date "2019.11.03"]
[Round "5"]
[Board "8"]
[White "Gogia, Armaan"]
[Black "Munshi, Aditya"]
[Result "1/2-1/2"]
[WhiteElo "1866"]
[BlackElo "2183"]
[PlyCount "0"]
[EventDate "2019.11.01"]
[EventRounds "5"]
[EventCountry "ENG"]

1. e4 {[%clk 01:30:58]} {[%emt 00:00:02]} c6 {[%clk 01:30:09]} {[%emt
00:00:51]} 2. Nc3 {[%clk 01:31:22]} {[%emt 00:00:06]} d5 {[%clk 01:30:34]}
{[%emt 00:00:05]} 3. d4 {[%clk 01:31:48]} {[%emt 00:00:05]} dxe4 {[%clk
01:30:59]} {[%emt 00:00:05]} 4. Nxe4 {[%clk 01:32:15]} {[%emt 00:00:02]} Bf5
{[%clk 01:31:21]} {[%emt 00:00:08]} 5. Ng3 {[%clk 01:32:38]} {[%emt 00:00:08]}
Bg6 {[%clk 01:31:49]} {[%emt 00:00:02]} 6. Nf3 {[%clk 01:32:32]} {[%emt
00:00:36]} e6 {[%clk 01:31:11]} {[%emt 00:01:07]} 7. h4 {[%clk 01:33:00]}
{[%emt 00:00:02]} h6 {[%clk 01:31:33]} {[%emt 00:00:08]} 8. Bd3 {[%clk
01:33:25]} {[%emt 00:00:05]} Bxd3 {[%clk 01:31:50]} {[%emt 00:00:13]} 9. Qxd3
{[%clk 01:33:54]} {[%emt 00:00:02]} Be7 {[%clk 01:31:29]} {[%emt 00:00:50]} 10.
Bd2 {[%clk 01:31:11]} {[%emt 00:03:14]} Nf6 {[%clk 01:30:42]} {[%emt 00:01:16]}
11. O-O-O {[%clk 01:30:10]} {[%emt 00:01:31]} O-O {[%clk 01:31:05]} {[%emt
00:00:07]} 12. Ne4 {[%clk 01:25:29]} {[%emt 00:05:11]} Nxe4 {[%clk 01:31:16]}
{[%emt 00:00:20]} 13. Qxe4 {[%clk 01:25:58]} Qd5 {[%clk 01:31:45]} {[%emt
00:00:02]} 14. Qxd5 {[%clk 01:25:20]} {[%emt 00:01:07]} cxd5 {[%clk 01:32:13]}
{[%emt 00:00:02]} 15. Ne5 {[%clk 01:22:12]} {[%emt 00:03:39]} Rc8 {[%clk
01:29:50]} {[%emt 00:02:53]} 16. Rh3 {[%clk 01:19:30]} {[%emt 00:03:12]} Nc6
{[%clk 01:30:00]} {[%emt 00:00:19]} 17. Bf4 {[%clk 01:19:19]} {[%emt 00:00:41]}
Nxe5 {[%clk 01:24:48]} {[%emt 00:05:42]} 18. Bxe5 {[%clk 01:17:47]} {[%emt
00:02:02]} Rc4 {[%clk 01:23:47]} {[%emt 00:01:31]} 19. Rb3 {[%clk 01:14:00]}
{[%emt 00:04:17]} b6 {[%clk 01:20:06]} {[%emt 00:04:11]} 20. g3 {[%clk
01:11:37]} {[%emt 00:02:53]} Rac8 {[%clk 01:09:12]} {[%emt 00:11:25]} 21. Rd2
{[%clk 01:09:18]} {[%emt 00:02:49]} g5 {[%clk 01:04:18]} {[%emt 00:05:24]} 22.
hxg5 {[%clk 01:09:06]} {[%emt 00:00:41]} Bxg5 {[%clk 00:52:31]} {[%emt
00:12:18]} 23. Bf4 {[%clk 01:09:05]} {[%emt 00:00:31]} Bxf4 {[%clk 00:52:23]}
{[%emt 00:00:37]} 24. gxf4 {[%clk 01:09:35]} {[%emt 00:00:01]} Kh7 {[%clk
00:48:51]} {[%emt 00:04:02]} 25. c3 {[%clk 01:04:15]} {[%emt 00:05:50]} Rg8
{[%clk 00:47:25]} {[%emt 00:01:55]} 26. f5 {[%clk 01:04:08]} {[%emt 00:00:38]}
Rg1+ {[%clk 00:46:24]} {[%emt 00:01:30]} 27. Kc2 {[%clk 01:04:34]} {[%emt
00:00:04]} Rc8 {[%clk 00:45:46]} {[%emt 00:01:09]} 28. Re2 {[%clk 01:01:30]}
{[%emt 00:03:34]} exf5 {[%clk 00:44:38]} {[%emt 00:01:38]} 29. Rb5 {[%clk
01:00:21]} {[%emt 00:01:38]} Rd8 {[%clk 00:41:20]} {[%emt 00:03:49]} 30. Re5
{[%clk 00:54:47]} {[%emt 00:06:04]} Kg6 {[%clk 00:39:57]} {[%emt 00:01:52]} 31.
Rbxd5 {[%clk 00:49:47]} {[%emt 00:05:31]} Rxd5 {[%clk 00:39:38]} {[%emt
00:00:48]} 32. Rxd5 {[%clk 00:50:16]} {[%emt 00:00:02]} Rg2 {[%clk 00:39:29]}
{[%emt 00:00:38]} 33. Rd7 {[%clk 00:45:04]} {[%emt 00:05:42]} Rxf2+ {[%clk
00:39:51]} {[%emt 00:00:09]} 34. Kd3 {[%clk 00:45:25]} {[%emt 00:00:09]} Rxb2
{[%clk 00:32:20]} {[%emt 00:08:01]} 35. Rxa7 {[%clk 00:45:51]} {[%emt
00:00:04]} h5 {[%clk 00:16:31]} {[%emt 00:16:18]} 36. d5 {[%clk 00:45:28]}
{[%emt 00:00:54]} h4 {[%clk 00:13:12]} {[%emt 00:03:48]} 37. d6 {[%clk
00:40:30]} {[%emt 00:05:29]} Kf6 {[%clk 00:13:13]} {[%emt 00:00:29]} 38. d7
{[%clk 00:40:40]} {[%emt 00:00:20]} Ke7 {[%clk 00:13:28]} {[%emt 00:00:14]} 39.
d8=Q+ {[%clk 00:40:56]} {[%emt 00:00:15]} Kxd8 {[%clk 00:13:55]} {[%emt
00:00:03]} 40. Rxf7 {[%clk 00:41:17]} {[%emt 00:00:08]} Rxa2 {[%clk 00:11:32]}
{[%emt 00:02:53]} 41. Rxf5 {[%clk 00:41:23]} {[%emt 00:00:25]} h3 {[%clk
00:09:30]} {[%emt 00:02:32]} 42. Rh5 {[%clk 00:41:46]} {[%emt 00:00:06]} Rh2
{[%clk 00:09:14]} {[%emt 00:00:47]} 43. Rh6 {[%clk 00:39:15]} {[%emt 00:03:01]}
Kc7 {[%clk 00:06:35]} {[%emt 00:03:08]} 44. Kc4 {[%clk 00:38:17]} {[%emt
00:01:29]} Rh1 {[%clk 00:06:02]} {[%emt 00:01:03]} 45. Rh7+ {[%clk 00:34:22]}
{[%emt 00:04:26]} Kc6 {[%clk 00:03:39]} {[%emt 00:02:51]} 46. Rh6+ {[%clk
00:34:43]} {[%emt 00:00:10]} Kb7 {[%clk 00:03:40]} {[%emt 00:00:28]} 47. Kb3
{[%clk 00:32:59]} {[%emt 00:02:16]} Ka6 {[%clk 00:02:27]} {[%emt 00:01:43]} 48.
Rh5 {[%clk 00:33:00]} {[%emt 00:00:28]} b5 {[%clk 00:02:23]} {[%emt 00:00:34]}
49. Kb2 {[%clk 00:32:03]} {[%emt 00:01:28]} Kb6 {[%clk 00:02:14]} {[%emt
00:00:39]} 50. Ka2 {[%clk 00:29:55]} {[%emt 00:02:36]} Kc6 {[%clk 00:02:28]}
{[%emt 00:00:17]} 51. Kb2 {[%clk 00:29:40]} {[%emt 00:00:45]} Rh2+ {[%clk
00:02:46]} {[%emt 00:00:12]} 52. Kb3 {[%clk 00:27:35]} {[%emt 00:02:35]} Rh1
{[%clk 00:02:39]} {[%emt 00:00:37]} 53. Kb2 {[%clk 00:27:59]} {[%emt 00:00:06]}
Rh2+ {[%clk 00:03:00]} {[%emt 00:00:10]} 54. Kb3 {[%clk 00:28:17]} {[%emt
00:00:12]} Rh1 {[%clk 00:03:25]} {[%emt 00:00:04]} 55. Kb2 {[%clk 00:28:40]}
{[%emt 00:00:07]} h2 {[%clk 00:03:40]} {[%emt 00:00:54]} 56. Ka2 {[%clk
00:27:59]} {[%emt 00:01:40]} Kd6 {[%clk 00:03:00]} {[%emt 00:01:10]} 57. Kb2
{[%clk 00:28:07]} {[%emt 00:00:22]} Ke6 {[%emt 00:00:06]} 58. Ka2 {[%clk
00:28:24]} {[%emt 00:00:13]} Kf6 {[%clk 00:03:48]} {[%emt 00:00:06]} 59. Kb2
{[%clk 00:28:27]} {[%emt 00:00:27]} Kg6 {[%clk 00:04:00]} {[%emt 00:00:17]} 60.
Rh8 {[%clk 00:28:23]} {[%emt 00:00:34]} Kg5 {[%clk 00:04:16]} {[%emt 00:00:15]}
61. Rg8+ {[%clk 00:28:40]} {[%emt 00:00:13]} Kf4 {[%clk 00:04:39]} {[%emt
00:00:06]} 62. Rf8+ {[%clk 00:28:38]} {[%emt 00:00:32]} Ke3 {[%clk 00:04:38]}
{[%emt 00:00:31]} 63. Re8+ {[%clk 00:29:00]} {[%emt 00:00:08]} Kd3 {[%clk
00:04:49]} {[%emt 00:00:18]} 64. Rd8+ {[%clk 00:29:21]} {[%emt 00:00:11]} Kc4
{[%clk 00:05:06]} {[%emt 00:00:13]} 65. Rc8+ {[%clk 00:29:36]} {[%emt
00:00:14]} Kd5 {[%clk 00:05:26]} {[%emt 00:00:11]} 66. Rd8+ {[%clk 00:29:58]}
{[%emt 00:00:08]} Ke6 {[%clk 00:05:49]} {[%emt 00:00:07]} 67. Rh8 {[%clk
00:29:45]} {[%emt 00:00:43]} Kf7 {[%clk 00:06:11]} {[%emt 00:00:09]} 68. Rh3
{[%clk 00:30:05]} {[%emt 00:00:09]} Kg7 {[%clk 00:06:04]} {[%emt 00:00:36]} 69.
Rh4 {[%clk 00:30:22]} {[%emt 00:00:14]} Kg6 {[%clk 00:06:12]} {[%emt 00:00:22]}
70. Rh8 {[%clk 00:30:46]} {[%emt 00:00:05]} Kf6 {[%clk 00:06:27]} {[%emt
00:00:15]} 71. Rh3 {[%clk 00:30:47]} {[%emt 00:00:29]} Ke5 {[%clk 00:06:47]}
{[%emt 00:00:11]} 72. Rh8 {[%clk 00:31:11]} {[%emt 00:00:06]} Kd5 {[%clk
00:07:03]} {[%emt 00:00:13]} 73. Rd8+ {[%clk 00:31:08]} {[%emt 00:00:33]} Kc6
{[%clk 00:07:26]} {[%emt 00:00:07]} 74. Rh8 {[%clk 00:31:30]} {[%emt 00:00:09]}
Kb6 {[%clk 00:07:50]} {[%emt 00:00:06]} 75. Rh5 {[%clk 00:31:53]} {[%emt
00:00:07]} Ka6 {[%clk 00:07:57]} {[%emt 00:00:24]} 76. Rh4 {[%clk 00:31:25]}
{[%emt 00:00:57]} Ka5 {[%clk 00:08:07]} {[%emt 00:00:20]} 77. Rh8 {[%clk
00:31:48]} {[%emt 00:00:06]} b4 {[%clk 00:07:24]} {[%emt 00:01:14]} 78. cxb4+
{[%clk 00:30:21]} {[%emt 00:01:57]} Kxb4 {[%clk 00:07:44]} {[%emt 00:00:11]} 79.
Rb8+ {[%clk 00:30:39]} {[%emt 00:00:11]} Kc5 {[%clk 00:08:00]} {[%emt
00:00:14]}  1/2-1/2

[Event "56th Hull Congress"]
[Site "Hull"]
[Date "2019.11.03"]
[Round "5"]
[Board "9"]
[White "Storey, Charles H"]
[Black "Starley, Robert"]
[Result "1-0"]
[WhiteElo "2234"]
[BlackElo "2086"]
[PlyCount "0"]
[EventDate "2019.11.01"]
[EventRounds "5"]
[EventCountry "ENG"]

1. d4 {[%clk 01:30:37]} {[%emt 00:00:23]} Nf6 {[%clk 01:30:54]} {[%emt
00:00:06]} 2. c4 {[%clk 01:31:04]} {[%emt 00:00:04]} e6 {[%clk 01:31:19]}
{[%emt 00:00:05]} 3. Nf3 {[%emt 00:00:26]} d5 {[%clk 01:31:25]} 4. g3 {[%clk
01:31:31]} {[%emt 00:00:29]} Be7 {[%clk 01:31:42]} {[%emt 00:00:13]} 5. Bg2
{[%clk 01:31:58]} {[%emt 00:00:03]} O-O {[%clk 01:31:55]} {[%emt 00:00:17]} 6.
O-O {[%clk 01:32:21]} {[%emt 00:00:07]} c6 {[%clk 01:32:12]} {[%emt 00:00:14]}
7. b3 {[%clk 01:31:51]} {[%emt 00:01:00]} b6 {[%clk 01:32:13]} {[%emt
00:00:29]} 8. Bb2 {[%clk 01:32:13]} {[%emt 00:00:08]} Nbd7 {[%clk 01:31:47]}
{[%emt 00:00:55]} 9. Nbd2 {[%clk 01:32:15]} {[%emt 00:00:28]} Bb7 {[%clk
01:31:44]} {[%emt 00:00:34]} 10. Ne5 {[%clk 01:32:28]} {[%emt 00:00:16]} c5
{[%clk 01:28:07]} {[%emt 00:04:08]} 11. cxd5 {[%clk 01:32:37]} {[%emt
00:00:21]} Bxd5 {[%clk 01:27:01]} {[%emt 00:01:36]} 12. e4 {[%clk 01:32:45]}
{[%emt 00:00:21]} Bb7 {[%clk 01:27:21]} {[%emt 00:00:10]} 13. Nxd7 {[%clk
01:31:41]} {[%emt 00:01:34]} Qxd7 {[%clk 01:26:18]} {[%emt 00:01:34]} 14. dxc5
{[%clk 01:32:04]} {[%emt 00:00:07]} Bxc5 {[%clk 01:25:28]} {[%emt 00:01:20]} 15.
Bxf6 {[%clk 01:32:07]} {[%emt 00:00:27]} gxf6 {[%clk 01:25:49]} {[%emt
00:00:09]} 16. Qg4+ {[%clk 01:32:18]} {[%emt 00:00:18]} Kh8 {[%clk 01:26:11]}
{[%emt 00:00:08]} 17. Rad1 {[%clk 01:32:45]} {[%emt 00:00:04]} Qe7 {[%clk
01:25:35]} {[%emt 00:01:05]} 18. Qh4 {[%clk 01:30:10]} {[%emt 00:03:05]} Rad8
{[%clk 01:18:37]} {[%emt 00:07:28]} 19. Nf3 {[%clk 01:27:07]} {[%emt 00:03:33]}
Ba6 {[%clk 01:12:37]} {[%emt 00:06:30]} 20. Rxd8 {[%clk 01:26:18]} {[%emt
00:01:18]} Rxd8 {[%clk 01:12:50]} {[%emt 00:00:18]} 21. Rc1 {[%clk 01:26:46]}
{[%emt 00:00:02]} Ba3 {[%clk 01:09:13]} {[%emt 00:04:06]} 22. Rb1 {[%clk
01:25:49]} {[%emt 00:01:28]} Bc5 {[%clk 01:08:36]} {[%emt 00:01:07]} 23. b4
{[%clk 01:23:22]} {[%emt 00:02:58]} Bxb4 {[%clk 01:05:51]} {[%emt 00:03:15]} 24.
e5 {[%clk 01:23:42]} {[%emt 00:00:09]} fxe5 {[%clk 01:00:10]} {[%emt 00:06:11]}
25. Ng5 {[%clk 01:23:34]} {[%emt 00:00:39]} f5 {[%clk 00:58:05]} {[%emt
00:02:35]} 26. Nf7+ {[%clk 01:23:10]} {[%emt 00:00:53]} Qxf7 {[%clk 00:57:42]}
{[%emt 00:00:53]} 27. Qxd8+ {[%clk 01:23:30]} {[%emt 00:00:11]} Bf8 {[%clk
00:56:43]} {[%emt 00:01:28]} 28. Rc1 {[%clk 01:22:07]} {[%emt 00:01:52]} Qg7
{[%clk 00:54:39]} {[%emt 00:02:35]} 29. Bf1 {[%clk 01:18:00]} {[%emt 00:04:36]}
Qh6 {[%clk 00:52:54]} {[%emt 00:02:16]} 30. Rc7 {[%clk 01:16:54]} {[%emt
00:01:35]} Bxf1 {[%clk 00:52:46]} {[%emt 00:00:38]} 31. Kxf1 {[%clk 01:16:19]}
{[%emt 00:01:07]} Kg8 {[%clk 00:49:25]} {[%emt 00:03:51]} 32. Rxa7 {[%clk
01:13:04]} {[%emt 00:03:44]} f4 {[%clk 00:43:19]} {[%emt 00:06:36]} 33. Qe8
{[%clk 01:07:04]} {[%emt 00:06:27]} Qh3+ {[%clk 00:40:43]} {[%emt 00:03:08]} 34.
Kg1 {[%clk 01:05:33]} {[%emt 00:02:02]} Qf5 {[%clk 00:40:48]} {[%emt 00:00:25]}
35. Qc6 {[%clk 01:03:48]} {[%emt 00:02:15]} f3 {[%clk 00:39:08]} {[%emt
00:02:10]} 36. h4 {[%clk 01:03:10]} {[%emt 00:01:08]} e4 {[%clk 00:38:02]}
{[%emt 00:01:37]} 37. Qc1 {[%clk 01:01:12]} {[%emt 00:02:25]} Qh3 {[%clk
00:34:23]} {[%emt 00:04:10]} 38. Qg5+ {[%clk 01:01:31]} {[%emt 00:00:12]} Kh8
{[%clk 00:34:32]} {[%emt 00:00:21]} 39. Qf6+ {[%clk 01:01:53]} {[%emt
00:00:07]} Kg8 {[%clk 00:34:53]} {[%emt 00:00:11]} 40. Qf7+ {[%clk 01:02:16]}
{[%emt 00:00:05]} Kh8 {[%clk 00:35:19]} {[%emt 00:00:05]} 41. Qxf8# {[%clk
01:02:42]} {[%emt 00:00:03]}  1-0

[Event "56th Hull Congress"]
[Site "Hull"]
[Date "2019.11.03"]
[Round "5"]
[Board "10"]
[White "Cooper, John G"]
[Black "Gardiner, Eric D"]
[Result "1-0"]
[WhiteElo "2083"]
[BlackElo "1960"]
[PlyCount "0"]
[EventDate "2019.11.01"]
[EventRounds "5"]
[EventCountry "ENG"]

1. c4 {[%clk 01:30:58]} {[%emt 00:00:02]} e5 {[%clk 01:30:51]} {[%emt
00:00:09]} 2. g3 {[%clk 01:31:20]} {[%emt 00:00:08]} c6 {[%clk 01:31:09]}
{[%emt 00:00:11]} 3. d4 {[%clk 01:31:38]} {[%emt 00:00:12]} e4 {[%clk
01:31:30]} {[%emt 00:00:09]} 4. Nc3 {[%clk 01:31:35]} {[%emt 00:00:33]} d5
{[%clk 01:31:51]} {[%emt 00:00:10]} 5. cxd5 {[%clk 01:31:14]} {[%emt 00:00:51]}
cxd5 {[%clk 01:32:04]} {[%emt 00:00:17]} 6. Qb3 {[%clk 01:30:10]} {[%emt
00:01:34]} Nc6 {[%clk 01:24:43]} {[%emt 00:07:50]} 7. Qxd5 {[%clk 01:30:03]}
{[%emt 00:00:37]} Qxd5 {[%clk 01:25:01]} {[%emt 00:00:13]} 8. Nxd5 {[%clk
01:30:21]} {[%emt 00:00:12]} Nxd4 {[%clk 01:25:18]} {[%emt 00:00:12]} 9. Nc7+
{[%clk 01:30:25]} {[%emt 00:00:26]} Kd8 {[%clk 01:25:29]} {[%emt 00:00:18]} 10.
Nxa8 {[%clk 01:30:39]} {[%emt 00:00:17]} Nc2+ {[%clk 01:25:48]} {[%emt
00:00:11]} 11. Kd1 {[%clk 01:31:01]} {[%emt 00:00:09]} Nxa1 {[%clk 01:26:10]}
{[%emt 00:00:08]} 12. Bf4 {[%clk 01:31:11]} {[%emt 00:00:20]} Nf6 {[%clk
00:57:31]} {[%emt 00:29:09]} 13. Bc7+ {[%clk 01:29:36]} {[%emt 00:02:05]} Ke8
{[%clk 00:57:26]} {[%emt 00:00:35]} 14. Be5 {[%clk 01:29:46]} {[%emt 00:00:19]}
Nd5 {[%clk 00:56:58]} {[%emt 00:00:58]} 15. Nc7+ {[%clk 01:24:04]} {[%emt
00:06:12]} Nxc7 {[%clk 00:57:21]} {[%emt 00:00:07]} 16. Bxc7 {[%clk 01:24:24]}
{[%emt 00:00:10]} Be6 {[%clk 00:50:43]} {[%emt 00:07:08]} 17. b3 {[%clk
01:24:27]} {[%emt 00:00:28]} Ba3 {[%clk 00:46:52]} {[%emt 00:04:20]} 18. Bg2
{[%clk 01:04:25]} {[%emt 00:20:33]} Kd7 {[%clk 00:40:15]} {[%emt 00:07:07]} 19.
Bf4 {[%clk 00:58:58]} {[%emt 00:05:56]} f5 {[%clk 00:39:18]} {[%emt 00:01:26]}
20. Bc1 {[%clk 00:58:06]} {[%emt 00:01:23]} Bxc1 {[%clk 00:35:54]} {[%emt
00:03:55]} 21. Kxc1 {[%clk 00:58:25]} {[%emt 00:00:10]} Rc8+ {[%clk 00:36:08]}
{[%emt 00:00:16]} 22. Kb2 {[%clk 00:58:26]} {[%emt 00:00:29]} Nc2 {[%clk
00:36:14]} {[%emt 00:00:23]} 23. Nh3 {[%clk 00:58:39]} {[%emt 00:00:18]} Nb4
{[%clk 00:35:38]} {[%emt 00:01:06]} 24. a3 {[%clk 00:54:38]} {[%emt 00:04:32]}
Nd5 {[%clk 00:34:52]} {[%emt 00:01:16]} 25. Rd1 {[%clk 00:54:34]} {[%emt
00:00:34]} Ke7 {[%clk 00:34:57]} {[%emt 00:00:24]} 26. Ng5 {[%clk 00:51:48]}
{[%emt 00:03:15]} h6 {[%clk 00:31:34]} {[%emt 00:03:53]} 27. Nxe6 {[%clk
00:50:11]} {[%emt 00:02:09]} Kxe6 {[%clk 00:31:58]} {[%emt 00:00:05]} 28. g4
{[%clk 00:49:18]} {[%emt 00:01:23]} g6 {[%clk 00:31:39]} {[%emt 00:00:49]} 29.
e3 {[%clk 00:49:18]} {[%emt 00:00:30]} b5 {[%clk 00:23:49]} {[%emt 00:08:20]}
30. gxf5+ {[%clk 00:48:30]} {[%emt 00:01:18]} gxf5 {[%clk 00:24:07]} {[%emt
00:00:12]} 31. Bh3 {[%clk 00:48:19]} {[%emt 00:00:41]} Nf6 {[%clk 00:22:43]}
{[%emt 00:01:53]} 32. Bf1 {[%clk 00:44:55]} {[%emt 00:03:55]} Rg8 {[%clk
00:19:34]} {[%emt 00:03:39]} 33. a4 {[%clk 00:44:13]} {[%emt 00:01:13]} a6
{[%clk 00:19:10]} {[%emt 00:00:53]} 34. h3 {[%clk 00:44:15]} {[%emt 00:00:28]}
Ke5 {[%clk 00:16:21]} {[%emt 00:03:19]} 35. axb5 {[%clk 00:43:22]} {[%emt
00:01:24]} axb5 {[%clk 00:16:45]} {[%emt 00:00:06]} 36. Rc1 {[%clk 00:43:26]}
{[%emt 00:00:26]} Nd5 {[%clk 00:10:32]} {[%emt 00:06:43]} 37. Rc5 {[%clk
00:43:20]} {[%emt 00:00:36]} f4 {[%clk 00:07:54]} {[%emt 00:03:08]} 38. Rxb5
{[%clk 00:42:46]} {[%emt 00:01:04]} fxe3 {[%clk 00:07:27]} {[%emt 00:00:56]} 39.
fxe3 {[%clk 00:42:15]} {[%emt 00:01:01]} Rg3 {[%clk 00:06:20]} {[%emt
00:01:37]} 40. Bc4 {[%clk 00:42:16]} {[%emt 00:00:29]} Rxe3 {[%clk 00:06:22]}
{[%emt 00:00:28]} 41. Rxd5+ {[%clk 00:42:35]} {[%emt 00:00:11]} Kf4 {[%clk
00:06:47]} {[%emt 00:00:05]} 42. Rh5 {[%clk 00:42:40]} {[%emt 00:00:26]} Rg3
{[%clk 00:06:50]} {[%emt 00:00:26]} 43. Rxh6 {[%clk 00:42:30]} {[%emt
00:00:40]} e3 {[%clk 00:06:35]} {[%emt 00:00:45]} 44. Re6 {[%clk 00:41:39]}
{[%emt 00:01:20]} Rxh3 {[%clk 00:06:41]} {[%emt 00:00:24]} 45. b4 {[%clk
00:42:02]} {[%emt 00:00:08]} Rh2+ {[%clk 00:06:56]} {[%emt 00:00:15]} 46. Kc3
{[%clk 00:42:23]} {[%emt 00:00:09]}  1-0